000 00305nam a22001337a 4500
008 171228b xxu||||| |||| 00| 0 eng d
020 _a0895775506
041 _aeng
080 _a341
100 _a14
101 _aSHJ
245 _aReader's Digest Legal Problem Solver
_cDobelis, I.N
942 _2udc
_cBK
999 _c39505
_d39505